000
00345nam a2200169Ia 4500
100
_a
Tharoor/Shashi
650
_a
General
942
_c
BK
366
_f
17.5
654
_a
nehru
245
_a
Nehru:The invention of India
260
_b
Penguin Books
_c
2003
082
_a
920/THA
_b
THA
300
_a
261
546
_a
ENGLISH
999
_c
27102
_d
27102